| 000 | 00000nam##2200000za#4500 |
| 001 | 9.587690 |
| 003 | CaOODSP |
| 005 | 20210624194745 |
| 007 | cr ||||||||||| |
| 008 | 150406|2007||||xxc|||||o f|0| 0 fre|d |
| 022 | |a1701-1280 |
| 040 | |aCaOODSP|bfre |
| 041 | |aeng |
| 041 | |afre |
| 043 | |an-cn--- |
| 086 | 1 |aFs70-4/2007-024-PDF |
| 110 | 1 |aCanada. |bMinistère des pêches et des océans. |
| 245 | 10|aÉvaluation des espèces de poissons marins : rapprochement des approches fondées sur des points de référence et des approches fondées sur des critères associés au risque d'extinction : |h[ressource électronique]|bAtelier organisé par le COSEPAC (Comité sur la situation des espèces en péril au Canada) et le MPO (Ministère des Pêches et des Océans) / |c[par] Howard Powles et Jake Rice. |
| 260 | |aOttawa - Ontario : |bPêches et Océans Canada |cJanvier 2008. |
| 300 | |a71p.|btableau |
| 490 | 1 |aSecrétariat canadien de consultation scientifique, série des comptes rendus|x1701-1280|v2007/024 |
| 500 | |a« Du 20 au 22 mars 2007, Université d'Ottawa, Ottawa, Ontario, Canada »--Couverture. |
| 590 | |a11-31-Supp|b2011-12-13 |
| 720 | 1 |aPowles, Howard |
| 720 | 1 |aRice, Jake |
| 791 | |tAssessing marine fish species - relating approaches based on reference points with approaches based on risk-of-extinction criteria : |eeng|w(CaOODSP)9.587689 |
| 830 | #0|aCompte rendu (Secrétariat canadien de consultation scientifique)|x1701-1280|v2007/024|w(CaOODSP)9.500508 |
| 856 | 40|ahttp://publications.gc.ca|qPDF|s536 Ko|uhttps://publications.gc.ca/collections/collection_2011/mpo-dfo/Fs70-4-2007-024.pdf|y2007/024 |